000 00812cam a2200265 a 4500
001 12751440
003 OSt
005 20170516190903.0
008 020423s2003 nyua 001 0 eng
010 _a 2002281486
020 _a0471228621
040 _aDLC
_cDLC
_dDLC
050 0 0 _aQC21.3
_b.H35 2003
082 0 0 _a530
_221
_bHAL 2003
100 1 _aHalliday, David; Robert, Resnick; Jear,l Walker.
_98105
245 1 0 _aFundamentals of Physics
250 _a6th ed.
260 _aNew York;
_bWiley,
_c2003.
300 _a1 v. (various pagings) :
_bcol. ill;
_c27 cm.
504 _aIncludes index.
650 0 _aPhysics.
_9809
856 4 2 _3Publisher description
_uhttp://www.loc.gov/catdir/description/wiley041/2002281486.html
906 _a7
_bcbc
_corigcop
_d3
_encip
_f20
_gy-gencatlg
942 _2ddc
_cSLOAN
999 _c3689
_d3689